[Event "ICS rated blitz match"]
[Site "204.178.125.65"]
[Date "1999.07.28"]
[Round "?"]
[White "Mikro"]
[Black "Hossa"]
[Result "1-0"]
[WhiteElo "2452"]
[BlackElo "2464"]
[PlyCount "77"]
[EventDate "1999.??.??"]

1. e4 b6 2. d4 Bb7 3. Nc3 d5 4. exd5 Bxd5 5. Nxd5 Qxd5 6. Qf3 Qxf3 7. Nxf3 e6
8. Bf4 Bd6 9. Bb5+ Kf8 10. Bg5 f6 11. Bd2 Kf7 12. O-O Ne7 13. Rae1 Nbc6 14. Re4
Rad8 15. Bc4 Nd5 16. Rfe1 Nb8 17. Rxe6 c6 18. Bb3 Na6 19. c4 Ndc7 20. c5 Nxe6
21. Bxe6+ Kf8 22. cxd6 Nb8 23. Kf1 Na6 24. d7 Nc7 25. Bf5 Nd5 26. h4 a5 27. g4
h6 28. h5 Ne7 29. Nh4 Kf7 30. Be6+ Kf8 31. Bf4 g5 32. hxg6 Kg7 33. Nf5+ Nxf5
34. Bxf5 h5 35. Re7+ Kf8 36. Rf7+ Kg8 37. Be6 hxg4 38. Rh7+ Kf8 39. Bd6# {
Hossa checkmated} 1-0

[Event "ICS Rated blitz match"]
[Site "204.178.125.65"]
[Date "1999.07.28"]
[Round "?"]
[White "Hossa"]
[Black "occam"]
[Result "1-0"]
[WhiteElo "2447"]
[BlackElo "2335"]
[PlyCount "55"]
[EventDate "1999.??.??"]

1. d4 d5 2. c4 dxc4 3. e4 b5 4. a4 c6 5. axb5 cxb5 6. Nc3 Bd7 7. d5 a5 8. Nf3
Na6 9. Be3 Nf6 10. Bd4 Nc7 11. Be2 a4 12. O-O Ra6 13. Bc5 Bg4 14. Ne5 Bxe2 15.
Qxe2 Qc8 16. Qe3 e6 17. Bxf8 Rxf8 18. Nc6 h6 19. Qc5 Rxc6 20. dxc6 Qb8 21. Rfd1
Rg8 22. Rd4 Rh8 23. Rad1 Rg8 24. Rd7 Nxd7 25. Rxd7 Nd5 26. Nxd5 Qd8 27. Nc7+
Qxc7 28. Qe7# {occam checkmated} 1-0

[Event "ICS rated bullet match"]
[Site "204.178.125.65"]
[Date "1999.07.28"]
[Round "?"]
[White "Hossa"]
[Black "JSBach"]
[Result "1-0"]
[WhiteElo "2336"]
[BlackElo "2217"]
[PlyCount "111"]
[EventDate "1999.??.??"]

1. d4 d5 2. c4 dxc4 3. e4 Nf6 4. e5 Nd5 5. Bxc4 e6 6. Nf3 Nc6 7. Bxd5 Qxd5 8.
O-O Be7 9. Nc3 Qc4 10. d5 exd5 11. Nxd5 Bd8 12. b3 Qg4 13. Ba3 Qf5 14. Qe2 Bd7
15. Rad1 a5 16. Bc5 a4 17. Qd3 Qxd3 18. Rxd3 b6 19. Be3 Bf5 20. Rd2 axb3 21.
axb3 O-O 22. Rc1 Na5 23. Nd4 c6 24. Nxf5 cxd5 25. Nd4 Re8 26. f4 Be7 27. Rc7
Rac8 28. Rd7 Rc1+ 29. Kf2 Rh1 30. Rxd5 Bb4 31. Rd3 Rxh2 32. Nc2 Be7 33. Bxb6
Nc6 34. Rd7 Nb8 35. Rxe7 Rc8 36. Rc3 Nc6 37. Rxc6 Rb8 38. Rec7 h5 39. b4 Rf8
40. Bc5 Rd8 41. Rd6 Ra8 42. b5 Ra2 43. Rd2 Rh4 44. Be3 Ra8 45. Rdd7 Rf8 46. e6
Kh7 47. e7 Re8 48. Rd8 Rxe7 49. Rxe7 f6 50. b6 Rh1 51. Ne1 Kh6 52. b7 Rh4 53.
f5+ Kh7 54. Rxg7+ Kxg7 55. Rd7+ Kg8 56. b8=Q# {JSBach checkmated} 1-0

[Event "ICS Rated blitz match"]
[Site "204.178.125.65"]
[Date "1999.07.28"]
[Round "?"]
[White "occam"]
[Black "Hossa"]
[Result "1-0"]
[WhiteElo "2324"]
[BlackElo "2458"]
[PlyCount "98"]
[EventDate "1999.??.??"]

1. e4 b6 2. Nc3 e5 3. Nf3 Nc6 4. d4 exd4 5. Nxd4 Bb7 6. Bb5 Bb4 7. Nde2 f5 8.
exf5 Qf6 9. Qd3 Bxc3+ 10. Nxc3 Qe7+ 11. Kd1 Ne5 12. Qg3 c6 13. f4 Qd6+ 14. Bd2
cxb5 15. fxe5 Qc6 16. Qxg7 Qxg2 17. Rg1 Qxg7 18. Rxg7 Ne7 19. Nxb5 Nxf5 20. Rg5
Be4 21. Nc7+ Kf7 22. Nxa8 Rxa8 23. c4 d6 24. exd6 Nxd6 25. b3 Re8 26. Rg1 Nf5
27. Kc1 Bc6 28. Rf1 Be4 29. Kb2 Bd3 30. Rf2 h5 31. Raf1 Ke6 32. Rg1 h4 33. Re1+
Kd7 34. Rxe8 Kxe8 35. Kc3 Bb1 36. Rf1 Kd7 37. Rxb1 a5 38. Rf1 Nd6 39. Be1 h3
40. Rf3 Ne4+ 41. Kd3 Ng5 42. Rg3 Nf7 43. Bf2 Kc6 44. Rg6+ Kd7 45. Rg7 Ke6 46.
Bxb6 Ne5+ 47. Kc3 a4 48. bxa4 Nf3 49. Bc7 49... Kf5 {Hossa resigns} 1-0

[Event "ICS Rated blitz match"]
[Site "204.178.125.65"]
[Date "1999.07.28"]
[Round "?"]
[White "occam"]
[Black "Hossa"]
[Result "1/2-1/2"]
[WhiteElo "2334"]
[BlackElo "2448"]
[PlyCount "167"]
[EventDate "1999.??.??"]

1. e4 b6 2. Nc3 e5 3. Nf3 Nc6 4. d4 exd4 5. Nxd4 Bb7 6. Bb5 Bb4 7. Nde2 Bxc3+
8. Nxc3 Nge7 9. O-O f5 10. exf5 O-O 11. g4 Ne5 12. f4 N5c6 13. Bc4+ Kh8 14. Re1
a5 15. Be3 Ba6 16. Bxa6 Rxa6 17. Qd3 Nb4 18. Qe2 Ra8 19. Qd2 h5 20. h3 d5 21.
Rad1 hxg4 22. hxg4 c6 23. Qf2 Nc8 24. Rd2 Kg8 25. a3 Na6 26. Rde2 Ra7 27. Na4
c5 28. Bd2 Raf7 29. Nc3 Nc7 30. b4 axb4 31. axb4 cxb4 32. Na2 b3 33. cxb3 d4
34. Nb4 Rf6 35. Re4 Rd6 36. Nd3 Na6 37. Rc1 Rd5 38. Nb4 Nxb4 39. Bxb4 Rf6 40.
Qa2 Nd6 41. Re5 Nxf5 42. Rxf5 Rdxf5 43. gxf5 d3 44. Rc4 Rxf5 45. Qg2 b5 46. Re4
Qd7 47. Qg6 Rf8 48. Re7 Qd4+ 49. Kh1 Qd5+ 50. Kh2 Qd4 51. Qe6+ Kh8 52. Qe4 Qf2+
53. Kh3 Qf1+ 54. Kg3 Qg1+ 55. Qg2 Qxg2+ 56. Kxg2 Rxf4 57. Bc3 Rg4+ 58. Kf3 Rg1
59. Rd7 Kg8 60. Kf2 Rg4 61. Ke3 Rg3+ 62. Ke4 d2 63. Bxd2 Rxb3 64. Be3 Kh7 65.
Bd4 Rg3 66. Kd5 Kh6 67. Kc5 g6 68. Kb4 Rh3 69. Bc5 g5 70. Bd6 g4 71. Be5 g3 72.
Bd4 Rh4 73. Kc5 Rh5+ 74. Kc6 g2 75. Rd6+ Kh7 76. Bg1 Rh6 77. Rxh6+ Kxh6 78.
Be3+ Kh5 79. Kxb5 Kg6 80. Kc4 Kh5 81. Kd3 Kg6 82. Ke2 Kh5 83. Kf3 g1=R 84. Bxg1
{Game drawn because neither player has mating material} 1/2-1/2

[Event "ICS Rated blitz match"]
[Site "204.178.125.65"]
[Date "1999.07.28"]
[Round "?"]
[White "Pierre"]
[Black "Hossa"]
[Result "0-1"]
[WhiteElo "1617"]
[BlackElo "2443"]
[PlyCount "130"]
[EventDate "1999.??.??"]

1. Nf3 Nf6 2. c4 b6 3. Nc3 c5 4. e4 Bb7 5. d3 e6 6. Be2 d5 7. cxd5 exd5 8. e5
Nfd7 9. O-O d4 10. Nb5 Be7 11. b4 a6 12. Nd6+ Bxd6 13. exd6 Qf6 14. Nd2 Qxd6
15. bxc5 Nxc5 16. Nc4 Qg6 17. Bf3 O-O 18. Bxb7 Nxb7 19. Qf3 Ra7 20. Ne5 Qe6 21.
Qe4 f6 22. Nc4 Qxe4 23. dxe4 b5 24. Nb6 Rd8 25. Bf4 Nc5 26. Rae1 Rb7 27. Nd5
Nd3 28. Rd1 Nxf4 29. Nxf4 Re7 30. Rfe1 Nc6 31. a3 Rc8 32. Nd5 Ree8 33. Nb6 Rcd8
34. Rc1 Re6 35. h3 d3 36. Rcd1 d2 37. Re3 Rd4 38. Re2 Na5 39. Na8 Nc4 40. f3
Rc6 41. a4 bxa4 42. e5 fxe5 43. Kf1 Rd8 44. Kg1 Rxa8 45. Rf2 a3 46. Rfxd2 Nxd2
47. Rxd2 Kf7 48. Rd7+ Ke6 49. Rd1 a2 50. f4 exf4 51. h4 a5 52. Kf1 Rc2 53. Kg1
Re2 54. Ra1 a4 55. Kf1 Rd2 56. Kg1 Kd6 57. Kf1 Ra5 58. Kg1 Rh5 59. Rc1 Rhd5 60.
g4 Rd1+ 61. Rxd1 Rxd1+ 62. Kf2 a1=Q 63. Kf3 Qa3+ 64. Kxf4 Rd4+ 65. Kf5 65...
Qc5# {Pierre checkmated} 0-1

[Event "ICS Rated blitz match"]
[Site "204.178.125.65"]
[Date "1999.07.28"]
[Round "?"]
[White "Hossa"]
[Black "Masterchess"]
[Result "0-1"]
[WhiteElo "2443"]
[BlackElo "2698"]
[PlyCount "71"]
[EventDate "1999.??.??"]

1. d4 Nf6 2. c4 g6 3. Nc3 d5 4. cxd5 Nxd5 5. e4 Nxc3 6. bxc3 Bg7 7. Bb5+ c6 8.
Bd3 c5 9. Ne2 cxd4 10. cxd4 O-O 11. Be3 Nc6 12. Qa4 Bd7 13. Qa3 Bg4 14. f3 Bc8
15. Qc3 Be6 16. O-O Rc8 17. Qb2 Ne5 18. Ba6 Nxf3+ 19. Rxf3 bxa6 20. Rf2 Bc4 21.
Rd1 e6 22. Qd2 Qh4 23. Rf4 Qe7 24. Rf3 Qa3 25. Nc1 Qa4 26. Re1 Rfd8 27. Rd1
Bxd4 28. Bxd4 e5 29. Re1 exd4 30. Rf6 d3 31. e5 Bb5 32. Kh1 Rc2 33. Qg5 d2 34.
Rxg6+ hxg6 35. Qxd8+ Be8 36. Qxd2 {Hossa resigns} 0-1

[Event "ICS Rated blitz match"]
[Site "204.178.125.65"]
[Date "1999.07.28"]
[Round "?"]
[White "counterplay"]
[Black "Hossa"]
[Result "1-0"]
[WhiteElo "2854"]
[BlackElo "2437"]
[PlyCount "89"]
[EventDate "1999.??.??"]

1. d4 Nf6 2. Nf3 e6 3. c4 Bb4+ 4. Bd2 Qe7 5. g3 Ne4 6. Bg2 d5 7. a3 Bxd2+ 8.
Nfxd2 Nxd2 9. Nxd2 O-O 10. O-O Qf6 11. e3 c6 12. b3 Nd7 13. h3 Rb8 14. Qh5 Kh8
15. cxd5 exd5 16. Rfc1 Qg6 17. Qxg6 fxg6 18. e4 dxe4 19. Nxe4 Nb6 20. Re1 Bf5
21. Nd6 Bc2 22. Re3 Rbd8 23. Nxb7 Rxd4 24. Bxc6 g5 25. Rae1 Rd2 26. Rf3 Rc8 27.
Na5 h6 28. Rf7 a6 29. Rb7 Na8 30. Ra7 Nc7 31. a4 Rd6 32. Rc1 Ne6 33. Rxc2 Nd4
34. Rc4 Nxc6 35. Rxa6 Rd1+ 36. Kg2 Ne7 37. Rxc8+ Nxc8 38. Ra8 Rd8 39. Nc6 Re8
40. a5 Rg8 41. Ne5 Kh7 42. a6 h5 43. Nf7 g4 44. hxg4 Re8 45. a7 {Hossa resigns}
1-0

[Event "ICS Rated blitz match"]
[Site "204.178.125.65"]
[Date "1999.07.28"]
[Round "?"]
[White "TDChess"]
[Black "Hossa"]
[Result "1-0"]
[WhiteElo "2484"]
[BlackElo "2434"]
[PlyCount "30"]
[EventDate "1999.??.??"]

1. e4 b6 2. d4 Bb7 3. d5 e5 4. dxe6 Bxe4 5. exf7+ Kxf7 6. Nf3 Qe7 7. Ng5+ Kg6
8. Be2 Bxg2 9. Rg1 Qb4+ 10. c3 Qd6 11. Qc2+ Kf6 12. Rxg2 Qe5 13. Rg3 Ne7 14.
Rf3+ Nf5 15. Nf7 15... Qe6 {Hossa resigns} 1-0

[Event "ICS Rated blitz match"]
[Site "204.178.125.65"]
[Date "1999.07.28"]
[Round "?"]
[White "occam"]
[Black "Hossa"]
[Result "0-1"]
[WhiteElo "2344"]
[BlackElo "2443"]
[PlyCount "154"]
[EventDate "1999.??.??"]

1. e4 e5 2. Nf3 Nc6 3. Bb5 a6 4. Bxc6 dxc6 5. O-O Bg4 6. d3 Qf6 7. Nbd2 O-O-O
8. h3 Bh5 9. Nc4 Bxf3 10. Qxf3 Qxf3 11. gxf3 f6 12. f4 b5 13. Na5 Rd6 14. fxe5
fxe5 15. f4 Rg6+ 16. Kh1 Bb4 17. Nb3 Rg3 18. fxe5 Rxh3+ 19. Kg2 Rh5 20. c3 Be7
21. d4 Rh4 22. Rf7 Rxe4 23. Rxg7 Re1 24. Kf2 Bh4+ 25. Kf3 Kb7 26. Nc5+ Kb6 27.
Rb1 h5 28. Nd3 Rf1+ 29. Kg2 Rd1 30. Nc5 Re1 31. a4 a5 32. Nd3 Rd1 33. Nf4 Ne7
34. d5 Re1 35. Ng6 Nxg6 36. Rxg6 Rxe5 37. axb5 Kxb5 38. Kh3 Bd8 39. dxc6 Rf5
40. Bd2 Rhf8 41. Rd1 Bf6 42. Bh6 Re8 43. Bg7 Re3+ 44. Kg2 Bxg7 45. Rxg7 Kxc6
46. Rd2 Re4 47. Kg3 h4+ 48. Kh2 a4 49. Kg1 Ref4 50. Kg2 Rf6 51. Re7 Rd6 52.
Rxd6+ Kxd6 53. Rh7 Kc6 54. Rh6+ Kb7 55. Re6 Rc4 56. Re3 Kc6 57. Kh3 Kb5 58.
Re5+ c5 59. Re3 Rf4 60. Kg2 Kc4 61. Rh3 Kb3 62. Re3 Kxb2 63. Re5 a3 64. Kh3 a2
65. Re2+ Kb3 66. Re1 Ra4 67. c4 a1=Q 68. Rxa1 Rxa1 69. Kxh4 Kxc4 70. Kg3 Kd4
71. Kf2 c4 72. Kf3 c3 73. Kf2 c2 74. Kf3 Rg1 75. Kf4 c1=R 76. Kf5 Rc6 77. Kf4
77... Rf6# {occam checkmated} 0-1

[Event "ICS Rated blitz match"]
[Site "204.178.125.65"]
[Date "1999.07.28"]
[Round "?"]
[White "Hossa"]
[Black "counterplay"]
[Result "0-1"]
[WhiteElo "2455"]
[BlackElo "2857"]
[PlyCount "50"]
[EventDate "1999.??.??"]

1. d4 Nf6 2. c4 e6 3. Nc3 Bb4 4. Bg5 c5 5. Bxf6 Qxf6 6. e3 Nc6 7. a3 cxd4 8.
exd4 Ba5 9. Nf3 O-O 10. b4 Bd8 11. Bd3 a5 12. b5 Ne7 13. Be4 d5 14. cxd5 exd5
15. Bxd5 Nxd5 16. Nxd5 Qf5 17. Nc3 Re8+ 18. Kf1 Bd7 19. a4 Rc8 20. Rc1 Bc7 21.
Kg1 Bf4 22. Rc2 Be6 23. Nh4 Qf6 24. Nf3 Bb3 25. Ne4 25... Qe7 {Hossa resigns}
0-1

[Event "ICS Rated blitz match"]
[Site "204.178.125.65"]
[Date "1999.07.28"]
[Round "?"]
[White "StrongBach"]
[Black "Hossa"]
[Result "0-1"]
[WhiteElo "1797"]
[BlackElo "2452"]
[PlyCount "90"]
[EventDate "1999.??.??"]

1. Nf3 Nf6 2. d4 d5 3. Bf4 Nh5 4. Bg5 f6 5. Be3 Nc6 6. Na3 e5 7. Nb5 a6 8. Nc3
Bb4 9. dxe5 Bxc3+ 10. bxc3 fxe5 11. Bg5 Qd6 12. Ng1 Qg6 13. Qd2 Be6 14. Rb1 Rb8
15. Be3 O-O 16. Bc5 Rf7 17. g3 Qe4 18. f3 Qc4 19. g4 Qxc5 20. gxh5 Qe7 21. h4
Qa3 22. Ra1 Rf6 23. Bh3 Bf7 24. h6 Rxh6 25. c4 d4 26. Qd3 Qb2 27. Rd1 Qxa2 28.
Bd7 Nb4 29. Qe4 Nxc2+ 30. Kf2 Qxc4 31. Rd2 Ne3 32. Qxe5 Rd6 33. Qe7 Qc1 34. Be6
Qf1+ 35. Kg3 Rxe6 36. Qxe6 Qg2+ 37. Kf4 Bxe6 38. Rh3 Qxg1 39. Ke4 Bxh3 40. Rxd4
Re8+ 41. Kd3 Qd1+ 42. Kc3 Qc2+ 43. Kb4 Qb2+ 44. Ka4 c5 45. Rf4 45... Qa2# {
StrongBach checkmated} 0-1

[Event "ICS Rated blitz match"]
[Site "204.178.125.65"]
[Date "1999.07.28"]
[Round "?"]
[White "Hossa"]
[Black "TDChess"]
[Result "0-1"]
[WhiteElo "2453"]
[BlackElo "2498"]
[PlyCount "78"]
[EventDate "1999.??.??"]

1. d4 Nf6 2. c4 e6 3. Nc3 Bb4 4. Bg5 c5 5. Bxf6 Qxf6 6. e3 cxd4 7. Qxd4 Bxc3+
8. bxc3 e5 9. Qe4 d6 10. Bd3 Na6 11. Ne2 Nc5 12. Qd5 Bd7 13. Bb1 Bc6 14. Qd2
Bxg2 15. Rg1 Bf3 16. Ng3 g6 17. e4 Kd7 18. h3 Kc7 19. Bc2 Qf4 20. Qd5 Rhf8 21.
Ne2 Qh4 22. Rd1 Rad8 23. Rg3 Bxe4 24. Bxe4 Nxe4 25. Rb1 b6 26. Rf3 Rd7 27. Rb5
f5 28. Qd3 Ng5 29. Rg3 f4 30. Rg2 e4 31. Qd5 Nf3+ 32. Kf1 Qxh3 33. Rb2 Nh4 34.
Nxf4 Rxf4 35. Qg5 Qd3+ 36. Re2 Nf3 37. Qc5+ dxc5 38. Rh2 Rg4 39. Rh5 39... Rg1#
{Hossa checkmated} 0-1

[Event "ICS Rated blitz match"]
[Site "204.178.125.65"]
[Date "1999.07.28"]
[Round "?"]
[White "occam"]
[Black "Hossa"]
[Result "0-1"]
[WhiteElo "2324"]
[BlackElo "2430"]
[PlyCount "148"]
[EventDate "1999.??.??"]

1. e4 e5 2. Nf3 Nc6 3. Bb5 a6 4. Bxc6 dxc6 5. O-O Bg4 6. d3 Qf6 7. Nbd2 O-O-O
8. h3 Bh5 9. Nc4 Bxf3 10. Qxf3 Qxf3 11. gxf3 f6 12. f4 b5 13. Na5 Rd6 14. fxe5
fxe5 15. f4 Rg6+ 16. Kh1 Bb4 17. Nb3 Rg3 18. fxe5 Rxh3+ 19. Kg2 Rh5 20. c3 Be7
21. d4 Rh4 22. Rf7 Rxe4 23. Rxg7 Re1 24. Kf2 Bh4+ 25. Kf3 Kb7 26. Nc5+ Kb6 27.
Rb1 h5 28. Nd3 Rf1+ 29. Kg2 Rd1 30. Nc5 Re1 31. a4 a5 32. Nd3 Rd1 33. Nf4 Ne7
34. d5 Re1 35. Ng6 Nxg6 36. Rxg6 Rxe5 37. axb5 Kxb5 38. Kh3 Bd8 39. dxc6 Rf5
40. Bd2 Rhf8 41. Rd1 Bf6 42. Bh6 Re8 43. Bg7 Re3+ 44. Kg2 Bxg7 45. Rxg7 Kxc6
46. Rd2 Re4 47. Kg3 h4+ 48. Kh2 a4 49. Kg1 Ref4 50. Kg2 Rf6 51. Re7 Rd6 52.
Rxd6+ Kxd6 53. Rh7 Kc6 54. Rh6+ Kb7 55. Re6 Rc4 56. Re3 Kc6 57. Kh3 Kb5 58.
Re5+ c5 59. Re3 Rf4 60. Rd3 Kc4 61. Re3 Rf2 62. Re6 Rxb2 63. Ra6 Kb3 64. Ra5 a3
65. Kg4 a2 66. c4 Rb1 67. Ra6 a1=Q 68. Rb6+ Kxc4 69. Rxb1 Qxb1 70. Kxh4 Qg1 71.
Kh3 Kd4 72. Kh4 Ke4 73. Kh3 Kf4 74. Kh4 74... Qh1# {occam checkmated} 0-1

[Event "ICS Rated blitz match"]
[Site "204.178.125.65"]
[Date "1999.07.28"]
[Round "?"]
[White "Hossa"]
[Black "occam"]
[Result "1-0"]
[WhiteElo "2441"]
[BlackElo "2330"]
[PlyCount "173"]
[EventDate "1999.??.??"]

1. d4 Nf6 2. c4 e6 3. Nc3 Bb4 4. Bg5 Bxc3+ 5. bxc3 h6 6. Bxf6 Qxf6 7. e4 d6 8.
Bd3 c5 9. Qf3 Nd7 10. Qxf6 Nxf6 11. Ne2 O-O 12. O-O e5 13. Rab1 Re8 14. f3 Rb8
15. a4 Ra8 16. a5 Re7 17. Rb2 h5 18. Rb5 Re8 19. Rd1 Rd8 20. Rbb1 Re8 21. Rd2
Re7 22. Rb5 Rc7 23. Rdb2 Rb8 24. R5b3 Be6 25. Rc2 Rbc8 26. d5 Bd7 27. Rcb2 Rb8
28. f4 exf4 29. Nxf4 Bc8 30. a6 b6 31. Ra3 Re7 32. Rf2 Bg4 33. h3 Bd7 34. Ra1
Rbe8 35. Raf1 Nxe4 36. Bxe4 Rxe4 37. Nxh5 R8e7 38. Rf3 f6 39. Rg3 Kh8 40. Rxf6
Be8 41. Rf8+ Kh7 42. Rxg7+ Rxg7 43. Nf6+ Kh6 44. Nxe4 Bg6 45. Nxd6 Rd7 46. Nb5
Bd3 47. Rf4 Kg5 48. g3 Bc2 49. Kg2 Ba4 50. Na3 Re7 51. h4+ Kg6 52. g4 Bd1 53.
Nb5 Re2+ 54. Kf1 Re7 55. g5 Kg7 56. Kg1 Kg6 57. Kg2 Re2+ 58. Kf1 Ra2 59. Nxa7
Rxa6 60. Rf6+ Kg7 61. Nc8 Ra3 62. Ke1 Bg4 63. Nxb6 Rxc3 64. Rf4 Bh5 65. Nd7 Rc2
66. Nxc5 Kh7 67. Nd7 Kg7 68. c5 Bf7 69. Kd1 Ra2 70. Nf6 Kg6 71. c6 Ra5 72. d6
Ra2 73. d7 Ra1+ 74. Ke2 Ra2+ 75. Ke3 Ra3+ 76. Ke4 Ra8 77. h5+ Kxg5 78. Nh7+
Kxh5 79. Rxf7 Kg6 80. Rf8 Ra4+ 81. Ke5 Ra5+ 82. Ke6 Ra2 83. d8=Q Re2+ 84. Kd6
Rd2+ 85. Kc7 Rc2 86. Qf6+ Kxh7 87. Rh8# {occam checkmated} 1-0

[Event "ICS Rated standard match"]
[Site "204.178.125.65"]
[Date "1999.07.28"]
[Round "?"]
[White "Hossa"]
[Black "occam"]
[Result "1/2-1/2"]
[WhiteElo "2216"]
[BlackElo "2095"]
[PlyCount "303"]
[EventDate "1999.??.??"]

1. d4 Nf6 2. c4 e6 3. Nc3 Bb4 4. Bg5 Bxc3+ 5. bxc3 h6 6. Bxf6 Qxf6 7. e4 d6 8.
Bd3 c5 9. Qf3 Nd7 10. Qxf6 Nxf6 11. Ne2 b6 12. f4 Bb7 13. e5 dxe5 14. fxe5 Ng4
15. O-O Ne3 16. Rf2 Rd8 17. Rc1 Ng4 18. Rf4 Nxe5 19. Bc2 Nxc4 20. Ba4+ Ke7 21.
dxc5 Nb2 22. Rcf1 Rhf8 23. Bb5 bxc5 24. Ng3 Nd1 25. Ra4 a6 26. Bxa6 Nxc3 27.
Ra3 Bxa6 28. Rxa6 Ra8 29. Rc6 Rfc8 30. Rxc8 Rxc8 31. Ra1 Rd8 32. a4 Rd3 33. a5
Nb5 34. a6 Nc7 35. a7 Na8 36. Kf1 Rd2 37. Ne4 Rb2 38. Nxc5 Kd6 39. Ne4+ Kd5 40.
Nc3+ Kc6 41. Ra6+ Kb7 42. Ra1 f6 43. Ne2 Nc7 44. Nd4 Ka8 45. Nc6 Rc2 46. Ne7 e5
47. Ra5 Rd2 48. h4 h5 49. Kg1 Rc2 50. Kh2 Rc3 51. g3 Rc2+ 52. Kh3 Rd2 53. Nc8
Rb2 54. Nd6 Rc2 55. Nf5 Ne6 56. Ra6 Nc5 57. Ra3 g6 58. Ne7 Ne4 59. Nd5 Nf2+ 60.
Kg2 Ng4+ 61. Kf1 Rc6 62. Ke2 f5 63. Kd3 Nf2+ 64. Ke3 Nd1+ 65. Ke2 Nb2 66. Ne7
Rc2+ 67. Ke1 Rc1+ 68. Ke2 Nc4 69. Ra2 Nd6 70. Nxg6 Rc5 71. Kf1 Rb5 72. Ra6 Ne4
73. Ra3 Rc5 74. Kg2 Nd6 75. Ra6 Nc8 76. Rf6 e4 77. Nf4 Ne7 78. Rf7 Nd5 79. Nxh5
Ne3+ 80. Kf2 Ng4+ 81. Ke1 Ra5 82. Ng7 Ra1+ 83. Ke2 Ra2+ 84. Kd1 Nf2+ 85. Kc1
Nd3+ 86. Kb1 Rb2+ 87. Ka1 e3 88. Nxf5 Rf2 89. Re7 e2 90. Nd4 e1=Q+ 91. Rxe1
Nxe1 92. Kb1 Nd3 93. Nc6 Rb2+ 94. Ka1 Rc2 95. Nd4 Rg2 96. Kb1 Rxg3 97. Kc2 Nb4+
98. Kb2 Rg4 99. Nf3 Rf4 100. Ne5 Rxh4 101. Nf3 Rh3 102. Ng5 Re3 103. Nf7 Nc6
104. Kc2 Rh3 105. Nd6 Nd4+ 106. Kd2 Rb3 107. Nc8 Nc6 108. Ke2 Ne5 109. Kf2 Nd7
110. Ke2 Rc3 111. Nd6 Rc6 112. Nb5 Ne5 113. Ke3 Rc5 114. Nd6 Rd5 115. Nf5 Nc6
116. Ke4 Re5+ 117. Kf4 Re2 118. Kf3 Re6 119. Ne3 Ne5+ 120. Kf4 Nd3+ 121. Kf3
Nb4 122. Nf5 Nd5 123. Nd4 Re3+ 124. Kf2 Rd3 125. Nc6 Rc3 126. Nd4 Rc4 127. Ne6
Re4 128. Ng5 Re3 129. Nf3 Rb3 130. Nd4 Rb4 131. Nc6 Rc4 132. Ne5 Rc3 133. Nf3
Rc2+ 134. Kg3 Rb2 135. Nd4 Rb4 136. Nc6 Rc4 137. Ne5 Re4 138. Nc6 Re3+ 139. Kf2
Rc3 140. Nd4 Rc4 141. Ne6 Re4 142. Ng5 Re3 143. Nf3 Rb3 144. Nd4 Rd3 145. Nc6
Nf4 146. Ne5 Rc3 147. Nf7 Ne6 148. Ke2 Rg3 149. Kf2 Rb3 150. Nd6 Nd4 151. Nc8
Rf3+ 152. Kg2 {Game drawn by the 50 move rule} 1/2-1/2

[Event "ICS rated blitz match"]
[Site "204.178.125.65"]
[Date "1999.07.28"]
[Round "?"]
[White "Hossa"]
[Black "HAL-9000"]
[Result "1-0"]
[WhiteElo "2462"]
[BlackElo "2134"]
[PlyCount "55"]
[EventDate "1999.??.??"]

1. d4 d5 2. c4 e6 3. Nc3 Nf6 4. cxd5 exd5 5. Bg5 c6 6. e3 Be7 7. Qc2 Nbd7 8.
Bd3 Nf8 9. Nf3 Ne6 10. Bh4 g6 11. h3 O-O 12. O-O Ng7 13. Bg5 Bf5 14. Bh6 Re8
15. g4 Bxd3 16. Qxd3 Bd6 17. Rac1 Ne4 18. Qe2 Qf6 19. Nxe4 dxe4 20. Ng5 Ne6 21.
Nxe4 Qh4 22. Nxd6 Qxh6 23. Nxe8 Qxh3 24. Nd6 Rd8 25. Nxb7 Re8 26. Rc3 Qh4 27.
Nd6 Nxd4 28. Qd1 {HAL-9000 resigns} 1-0

[Event "ICS rated blitz match"]
[Site "204.178.125.65"]
[Date "1999.07.28"]
[Round "?"]
[White "HAL-9000"]
[Black "Hossa"]
[Result "0-1"]
[WhiteElo "2115"]
[BlackElo "2466"]
[PlyCount "56"]
[EventDate "1999.??.??"]

1. d4 e6 2. c4 c5 3. d5 Qh4 4. dxe6 Qxc4 5. exf7+ Qxf7 6. Nc3 Nf6 7. Nf3 d5 8.
Ng5 Qd7 9. e4 d4 10. Bb5 Nc6 11. Nd5 Nxd5 12. exd5 Qxd5 13. O-O Bf5 14. Re1+
Be7 15. Bf4 Qd7 16. Qb3 Rf8 17. Rxe7+ Kxe7 18. Re1+ Kf6 19. h4 h6 20. Nf3 Rae8
21. Be5+ Kg6 22. g3 a6 23. Bxc6 bxc6 24. Rc1 Be4 25. Bf4 Rxf4 26. gxf4 Qg4+ 27.
Kf1 Bxf3 28. Rxc5 28... Qg2# {HAL-9000 checkmated} 0-1

[Event "ICS rated blitz match"]
[Site "204.178.125.65"]
[Date "1999.07.28"]
[Round "?"]
[White "Hossa"]
[Black "counterplay"]
[Result "0-1"]
[WhiteElo "2470"]
[BlackElo "2864"]
[PlyCount "99"]
[EventDate "1999.??.??"]

1. d4 Nf6 2. c4 e6 3. Nc3 Bb4 4. Bg5 c5 5. Bxf6 Qxf6 6. e3 Nc6 7. a3 Ba5 8.
Nge2 cxd4 9. exd4 O-O 10. b4 Bd8 11. Rc1 d6 12. Ne4 Qe7 13. d5 exd5 14. Qxd5
Bc7 15. Rc3 Re8 16. Re3 Be6 17. Qh5 Ne5 18. Ng5 Bf5 19. Nf4 Bd8 20. h4 h6 21.
Nf3 g6 22. Qxh6 Ng4 23. Nd5 Nxh6 24. Nxe7+ Bxe7 25. h5 Ng4 26. Re2 Rac8 27. Nd2
Ne5 28. hxg6 Nd3+ 29. Kd1 Bxg6 30. g3 b5 31. Rh6 Nb2+ 32. Kc1 Nxc4 33. Nxc4
bxc4 34. Kd1 c3 35. Rh1 c2+ 36. Kc1 Bg5+ 37. f4 Bf6 38. Rxe8+ Rxe8 39. Bh3 Re3
40. Rf1 Be4 41. a4 Rb3 42. Kd2 Bc3+ 43. Ke3 Be1+ 44. Kxe4 c1=Q 45. Kf5 Kg7 46.
Rxe1 Qc2+ 47. Kg4 Qg6+ 48. Kh4 Qxg3+ 49. Kh5 Qxh3+ 50. Kg5 {Hossa resigns} 0-1

[Event "ICS rated blitz match"]
[Site "204.178.125.65"]
[Date "1999.07.28"]
[Round "?"]
[White "MissSilicon"]
[Black "Hossa"]
[Result "1-0"]
[WhiteElo "2651"]
[BlackElo "2445"]
[PlyCount "121"]
[EventDate "1999.??.??"]

1. e4 e5 2. Bc4 Nc6 3. d3 Bc5 4. Nf3 Nge7 5. Ng5 d5 6. exd5 Nxd5 7. Nc3 Bb4 8.
O-O Bxc3 9. Qf3 Be6 10. bxc3 O-O 11. Qe4 g6 12. Qh4 h5 13. Qe4 Kg7 14. Ba3 Rg8
15. Nxe6+ fxe6 16. Qe1 a6 17. Rb1 b5 18. Bb3 Qh4 19. Bc5 Kh8 20. c4 Nde7 21. f4
Qxe1 22. Rbxe1 Nf5 23. cxb5 Ncd4 24. bxa6 Rxa6 25. Rxe5 Nxb3 26. axb3 Ra2 27.
Rc1 Re8 28. Bb4 Kg7 29. Rc5 Rc8 30. Bc3+ Kf7 31. Be5 c6 32. Ra1 Rxa1+ 33. Bxa1
Ra8 34. Be5 Ne7 35. d4 Ra6 36. Kf2 Kf8 37. Bd6 Kf7 38. Bxe7 Kxe7 39. Ke3 Rb6
40. Kd3 Ra6 41. Ke4 Rb6 42. h3 Kf6 43. g4 hxg4 44. hxg4 Ra6 45. c3 Rb6 46. b4
Ke7 47. Ke5 Rb5 48. Rxb5 cxb5 49. g5 Kf7 50. Kd6 Kf8 51. Kxe6 Ke8 52. d5 Kd8
53. f5 gxf5 54. g6 f4 55. g7 Kc7 56. d6+ Kc6 57. g8=Q Kb7 58. d7 Ka7 59. d8=Q
Ka6 60. Qd6+ Ka7 61. Qgb8# {Hossa checkmated} 1-0

[Event "ICS rated blitz match"]
[Site "204.178.125.65"]
[Date "1999.07.28"]
[Round "?"]
[White "Hossa"]
[Black "champion-10"]
[Result "1/2-1/2"]
[WhiteElo "2438"]
[BlackElo "2113"]
[PlyCount "133"]
[EventDate "1999.??.??"]

1. d4 Nf6 2. c4 d6 3. Nc3 g6 4. e4 Bg7 5. f3 O-O 6. Nge2 a6 7. Be3 Nc6 8. d5
Ne5 9. Nf4 c5 10. Be2 Rb8 11. O-O Bd7 12. Qb3 Qa5 13. a4 Qb4 14. Qxb4 cxb4 15.
Nb1 Rfc8 16. Nd2 b5 17. axb5 axb5 18. cxb5 Bxb5 19. Bxb5 Rxb5 20. Ra7 Kf8 21.
Rfa1 Ne8 22. Ra8 Rbb8 23. Rxb8 Rxb8 24. Ra7 Rc8 25. Rb7 g5 26. Nh5 Nd3 27. Nxg7
Nxg7 28. Bxg5 f6 29. Be3 Rc1+ 30. Nf1 Rc2 31. b3 Rc3 32. Bh6 Rxb3 33. Bxg7+
Kxg7 34. Rxe7+ Kg6 35. Re6 Rc3 36. Rxd6 b3 37. f4 b2 38. Rb6 Rc1 39. d6 b1=Q
40. Rxb1 Rxb1 41. d7 Rb8 42. g3 Nc5 43. e5 fxe5 44. Nd2 exf4 45. gxf4 Nxd7 46.
Kf2 Kf5 47. Ke3 Nf6 48. Nc4 Nd5+ 49. Kd4 Nxf4 50. Ne3+ Kg5 51. Nc4 Rd8+ 52. Ke4
Nh3 53. Ke3 Kg4 54. Ne5+ Kf5 55. Nc6 Nf4 56. Nxd8 Kg4 57. Nc6 Kh3 58. Kxf4 Kxh2
59. Nd4 Kg2 60. Ke5 h5 61. Ke4 h4 62. Kf4 h3 63. Nf5 h2 64. Ng3 Kf2 65. Ne4+
Kg2 66. Ng3 h1=Q 67. Nxh1 {
Game drawn because neither player has mating material} 1/2-1/2